Statystyki dla Gminy sąsiadujące z innymi województwami (część 1)

Kliknij tutaj aby rozwiązać quiz!

Ogólne statystyki

  • Ten quiz został rozwiązany 21 razy
    (14 od ostatniego zresetowania)
  • Średni wynik to 38 z 492

Statystyki odpowiedzi

WojewództwoPowiatTyp GminyGmina% Poprawnych
milickimiejsko-wiejskaMilicz
43%
miejskaSandomierz
43%
miasto na prawach powiatumiejskaTarnobrzeg
43%
wiejskaBolesław
36%
gostynińskiwiejskaGostynin
36%
miejsko-wiejskaKępno
36%
wiejskaOława
36%
miejsko-wiejskaRawicz
36%
wiejskaTarnów
36%
miejsko-wiejskaWieruszów
36%
wiejskaBolesławiec
29%
miejsko-wiejskaChrzanów
29%
wiejskaGłogów
29%
miejsko-wiejskaGóra
29%
miasto na prawach powiatumiejskaJaworzno
29%
wiejskaŁuków
29%
miejsko-wiejska | wiejskaOsiek
29%
miejsko-wiejskaPajęczno
29%
wiejskaRadomsko
29%
miejskaSkarżysko Kamienna
29%
wiejskaStrzelce
29%
miejsko-wiejskaSyców
29%
gorlickimiejsko-wiejskaBiecz
21%
miejskaBieruń
21%
biłgorajskimwiejskaBiłgoraj
21%
chojnickiwiejskaChojnice
21%
miejsko-wiejskaCieszanów
21%
wiejskaCzłuchów
21%
wiejskaDrawsko
21%
strzelecko-drezdeneckimiejsko-wiejskaDrezdenko
21%
wiejskaGniezno
21%
wiejskaKozy
21%
miejsko-wiejskaMiędzychód
21%
miejskaMława
21%
miejsko-wiejskaMyślibórz
21%
namysłowskimiejsko-wiejskaNamysłów
21%
miejsko-wiejskaNarol
21%
miejsko-wiejskaOpoczno
21%
wiejskaOświęcim
21%
opolskienyskimiejsko-wiejskaPaczków
21%
miejsko-wiejskaProszowice
21%
wiejskaPuławy
21%
miejsko-wiejskaRyglice
21%
wiejskaSkierniewice
21%
wiejskaSławno
21%
miejsko-wiejskaStrzelin
21%
miejsko-wiejskaSzczucin
21%
czarnkowsko-trzcianeckimiejsko-wiejskaTrzcianka
21%
wiejskaWałcz
21%
Świętokrzyskiewłoszczowskimiejsko-wiejskaWłoszczowa
21%
miejsko-wiejskaWolbrom
21%
miejsko-wiejskaWolsztyn
21%
wiejskaŻagań
21%
złotowskimiejsko-wiejskaZłotów
21%
przeworskiwiejskaAdamówka
14%
wiejskaAleksandrów
14%
tarnobrzeskimiejsko-wiejskaBaranów Sandomierski
14%
wiejskaBiała Podlaska
14%
miejsko-wiejskaBiała Rawska
14%
rawickimiejsko-wiejskaBojanowo
14%
miejsko-wiejskaBrzeszcze
14%
miejsko-wiejskaByczyna
14%
kolskimiejsko-wiejskaDąbie
14%
miasto na prawach powiatumiejskaDąbrowa Górnicza
14%
wiejskaDamasławek
14%
pajęczańskimiejsko-wiejskaDziałoszyn
14%
wiejskaFałków
14%
miejsko-wiejskaGołańcz
14%
oleskimiejsko-wiejskaGorzów Śląski
14%
brzeskimiejsko-wiejskaGrodków
14%
wiejskaHoryniec-Zdrój
14%
puławskiwiejskaJanowiec
14%
miejsko-wiejskaJanów Lubelski
14%
niżańskiwiejskaJarocin
14%
dębickiwiejskaJodłowa
14%
miejsko-wiejskaKazimierza Wielka
14%
miejsko-wiejskaKoniecpol
14%
miejsko-wiejskaKońskie
14%
miejsko-wiejskaKozienice
14%
podkarpackiejasielskiwiejskaKrempna
14%
miejsko-wiejskaKrzepice
14%
wiejskaKsiąż Wielki
14%
radomszczańskiwiejskaŁadzice
14%
wiejskaŁubnice
14%
miejsko-wiejskaLubycza Królewska
14%
bialskiwiejskaMiędzyrzec Podlaski
14%
wągrowieckiwiejskaMieścisko
14%
miejsko-wiejskaMszczonów
14%
miejsko-wiejskaOlesno
14%
miejsko-wiejskaOpatowiec
14%
wiejskaOstrów Mazowiecka
14%
wiejskaPakosław
14%
miejsko-wiejskaPilzno
14%
koszalińskimiejsko-wiejskaPolanów
14%
wiejskaPostomino
14%
miejsko-wiejskaPraszka
14%
miejsko-wiejskaPrzedbórz
14%
miejsko-wiejskaPrzysucha
14%
mieleckimiejsko-wiejskaRadomyśl Wielki
14%
wiejskaRychtal
14%
miejsko-wiejskaRyki
14%
wiejskaSkrzyszów
14%
wiejskaSłupsk
14%
lubaczowskiwiejskaStary Dzików
14%
wiejskaStoczek Łukowski
14%
miejsko-wiejskaStrzelce Krajeńskie
14%
tomaszowskiwiejskaSusiec
14%
wiejskaSzczecinek
14%
zawierciańskimiejsko-wiejskaSzczekociny
14%
miejsko-wiejskaSzydłowiec
14%
wiejskaTomaszów Lubelski
14%
wiejskaTrzcinica
14%
gnieźnieńskimiejsko-wiejskaTrzemeszno
14%
PomorskiesłupskiwiejskaUstka
14%
wiejskaWiśniew
14%
kluczborskimiejsko-wiejskaWołczyn
14%
miejsko-wiejskaWschowa
14%
pilskimiejsko-wiejskaWyrzysk
14%
opoczyńskiwiejskaŻarnów
14%
strzeleckimiejsko-wiejskaZawadzkie
14%
wiejskaZbuczyn
14%
miejsko-wiejskaŻelechów
14%
wadowickimiejsko-wiejskaAndrychów
7%
Lubelskiekraśnickimiejsko-wiejskaAnnopol
7%
miejsko-wiejskaBabimost
7%
głubczyckimiejsko-wiejskaBaborów
7%
miejsko-wiejskaBarlinek
7%
wiejskaBełżec
7%
wiejskaBiałaczów
7%
miejsko-wiejskaBiały Bór
7%
miejsko-wiejskaBierutów
7%
miejsko-wiejskaBłaszki
7%
wiejskaBliżyn
7%
szczecineckimiejsko-wiejskaBorne Sulinowo
7%
wiejskaBorowa
7%
wiejskaBrąszewice
7%
starachowickiwiejskaBrody
7%
płockiwiejskaBrudzeń Duży
7%
kaliskiwiejskaBrzeziny
7%
wiejskaBrzyska
7%
olkuskimiejskaBukowno
7%
nowosolskimiejsko-wiejskaBytom Odrzański
7%
miejsko-wiejskaChełmek
7%
przasnyskimiejsko-wiejskaChorzele
7%
wiejskaCieszków
7%
wiejskaCzarna
7%
miejsko-wiejskaCzarne
7%
wiejskaCzermin
7%
miejsko-wiejskaCzersk
7%
wałeckimiejsko-wiejskaCzłopa
7%
wiejskaDąbrowa Zielona
7%
wiejskaDąbrowice
7%
ryckimiejskaDęblin
7%
miejsko-wiejskaDębno
7%
miejsko-wiejskaDebrzno
7%
miejsko-wiejskaDobiegniew
7%
tureckimiejsko-wiejskaDobra
7%
miejsko-wiejskaDobrodzień
7%
ostrzeszowskiwiejskaDoruchów
7%
miejsko-wiejskaDrzewica
7%
wiejskaDziadowa Kłoda
7%
ŁódzkiewieruszowskiwiejskaGalewice
7%
wiejskaGawłuszowice
7%
wiejskaGaworzyce
7%
wiejskaGidle
7%
wiejskaGoszczanów
7%
żagańskimiejskaGozdnica
7%
wiejskaGrabów
7%
miejsko-wiejskaGrabów nad Prosną
7%
dąbrowskiwiejskaGręboszów
7%
wiejskaGromadka
7%
sochaczewskiwiejskaIłów
7%
miejsko-wiejskaIłowa
7%
bieruńsko-lędzińskimiejsko-wiejskaImielin
7%
wiejskaJanów Podlaski
7%
miejsko-wiejskaJastrowie
7%
oławskimiejsko-wiejskaJelcz-Laskowice
7%
miejsko-wiejskaJutrosin
7%
miejsko-wiejskaKamieniec Ząbkowicki
7%
wiejskaKamiennik
7%
zielonogórskimiejsko-wiejskaKargowa
7%
miejsko-wiejskaKępice
7%
oświęcimskimiejsko-wiejskaKęty
7%
gorzowskimiejsko-wiejska | wiejskaKłodawa
7%
wiejskaKlonowa
7%
ostrzeszowskiwiejskaKobyla Góra
7%
sandomierskimiejsko-wiejskaKoprzywnica
7%
miejskaKostrzyn nad Odrą
7%
miejsko-wiejskaKoszyce
7%
wiejskaKotla
7%
miejsko-wiejskaKoźminek
7%
wiejskaKrośnice
7%
miejsko-wiejskaKrośniewice
7%
wiejskaKruszyna
7%
wiejskaKrzeszów
7%
miejsko-wiejskaKrzyż Wielkopolski
7%
wiejskaŁęka Opatowska
7%
chrzanowskimiejsko-wiejskaLIbiąż
7%
miejsko-wiejskaLipsko
7%
tarnowskiwiejskaLisia Góra
7%
miejsko-wiejskaŁobżenica
7%
miejsko-wiejskaLubowidz
7%
wiejskaMędrzechów
7%
bytowskimiejsko-wiejskaMiastko
7%
miejsko-wiejskaMiędzybórz
7%
wiejskaMieleszyn
7%
wiejskaMirzec
7%
wiejskaMochowo
7%
wiejskaMokrsko
7%
miejsko-wiejskaMyszyniec
7%
górowskiwiejskaNiechlów
7%
wiejskaNiegosławice
7%
wiejskaNowa Brzeźnica
7%
miejsko-wiejskaNowe Miasto nad Pilicą
7%
wiejskaNowy Duninów
7%
nowodworskimiejsko-wiejskaNowy Dwór Gdański
7%
buskimiejsko-wiejskaNowy Korczyn
7%
wiejskaObsza
7%
ostrowskimiejsko-wiejskaOdolanów
7%
miejsko-wiejskaOkonek
7%
bolesławieckiwiejskaOsiecznica
7%
miejsko-wiejskaPacanów
7%
wiejskaPadew Narodowa
7%
lublinieckiwiejskaPawonków
7%
wiejskaPęcław
7%
wiejskaPęczniew
7%
choszczeńskimiejsko-wiejskaPełczyce
7%
kępińskiwiejskaPerzów
7%
miejsko-wiejskaPilica
7%
miejsko-wiejskaPołaniec
7%
wiejskaPorąbka
7%
polkowickimiejsko-wiejskaPrzemków
7%
wiejskaPrzeworno
7%
wiejskaPrzykona
7%
wiejskaRadgoszcz
7%
wiejskaRadłów
7%
wiejskaRuda Maleniecka
7%
wiejskaRudnik
7%
wiejskaRudniki
7%
miejsko-wiejskaRydzyna
7%
wiejskaRzeczenica
7%
tomaszowskiwiejskaRzeczyca
7%
miejsko-wiejskaSanniki
7%
wiejskaSecemin
7%
jędrzejowskimiejsko-wiejskaSędziszów
7%
wiejskaSękowa
7%
wiejskaSiedlisko
7%
międzychodzkimiejsko-wiejskaSieraków
7%
skarżyskiwiejskaSkarżysko Kościelne
7%
wiejskaSkołyszyn
7%
wiejskaSkulsk
7%
miejsko-wiejskaSkwierzyna
7%
wschowskimiejsko-wiejskaSława
7%
będzińskimiejskaSławków
7%
konińskimiejsko-wiejskaSompolno
7%
gliwickimiejsko-wiejskaSośnicowice
7%
miejsko-wiejskaStrzelce Opolskie
7%
miejskaSulmierzyce
7%
wiejskaŚwinice Warckie
7%
wiejskaSzczytniki
7%
wiejskaSzerzyny
7%
miejsko-wiejskaSzlichtyngowa
7%
miejsko-wiejskaSzprotawa
7%
miejsko-wiejskaTarnogród
7%
miejsko-wiejskaToszek
7%
wiejskaTrojanów
7%
międzyrzeckimiejsko-wiejskaTrzciel
7%
miejsko-wiejskaTrzebinia
7%
oleśnickimiejsko-wiejskaTwardogóra
7%
poddębickimiejsko-wiejskaUniejów
7%
wiejskaWadowice Górne
7%
miejsko-wiejskaWąsosz
7%
dolnośląskiezgorzeleckimiejsko-wiejskaWęgliniec
7%
strzelińskimiejsko-wiejskaWiązów
7%
miejsko-wiejskaWieleń
7%
wiejskaWielgomłyny
7%
tarnowskiwiejskaWietrzychowice
7%
miejsko-wiejskaWilamowice
7%
wiejskaWilczyn
7%
wiejskaWilków
7%
żyrardowskimiejsko-wiejskaWiskitki
7%
miejsko-wiejskaWitnica
7%
miejsko-wiejskaWodzisław
7%
małopolskiesuskiwiejskaZawoja
7%
miejsko-wiejskaZbąszyń
7%
świebodzińskimiejsko-wiejskaZbąszynek
7%
krotoszyńskimiejsko-wiejskaZduny
7%
ząbkowickimiejsko-wiejskaZiębice
7%
miejsko-wiejskaZłoty Stok
7%
trzebnickimiejsko-wiejskaŻmigród
7%
głogowskiwiejskaŻukowice
7%
kutnowskimiejsko-wiejskaŻychlin
7%
wiejskaŻytno
7%
wiejskaAndrzejewo
0%
wiejskaBabiak
0%
ostrowieckiwiejskaBałtów
0%
wiejskaBejsce
0%
bielskiwiejskaBestwina
0%
kędzierzyńsko-kozielskiwiejskaBierawa
0%
wiejskaBierzwnik
0%
wiejskaBiszcza
0%
grójeckiwiejskaBłędów
0%
wiejskaBodzechów
0%
ostrowskiwiejskaBoguty-Pianki
0%
wiejskaBojszowy
0%
ZachodniopomorskiemyśliborskiwiejskaBoleszkowice
0%
skierniewickimiejsko-wiejskaBolimów
0%
wiejskaBorowie
0%
miechowskiwiejskaCharsznica
0%
wiejskaChełm Śląski
0%
szydłowieckiwiejskaChlewiska
0%
wiejskaChotcza
0%
wiejskaCiasna
0%
rawskiwiejskaCielądz
0%
wiejskaCisek
0%
wiejskaCzajków
0%
drawskimiejsko-wiejskaCzaplinek
0%
ostrołęckiwiejskaCzerwin
0%
łęczyckiwiejskaDaszyna
0%
wiejskaDębowiec
0%
wiejskaDomanice
0%
wiejskaDomaszowice
0%
miejsko-wiejskaDrawno
0%
wiejskaDwikozy
0%
pińczowskimiejsko-wiejskaDziałoszyce
0%
miejsko-wiejskaDzierzgoń
0%
wiejskaGardeja
0%
wiejskaGielniów
0%
kozienickiwiejskaGniewoszów
0%
tarnobrzeskiwiejskaGorzyce
0%
wiejskaGościeradów
0%
wiejskaGowarczów
0%
wiejskaHarasiuki
0%
wiejskaHuszlew
0%
miejsko-wiejskaIłża
0%
wiejskaJabłonna Lacka
0%
wiejskaJastrząb
0%
wiejskaJeleśnia
0%
wiejskaJemielnica
0%
opolskimiejsko-wiejskaJózefów nad Wisłą
0%
wiejskaKadzidło
0%
wiejskaKiernozia
0%
miejsko-wiejskaKietrz
0%
wiejskaKłoczew
0%
wiejskaKłomnice
0%
wiejskaKlucze
0%
wiejskaKluczewsko
0%
wiejskaKocierzew Południowy
0%
człuchowskiwiejskaKoczała
0%
nowosolskiwiejskaKolsko
0%
wiejskaKonstantynów
0%
siedleckiwiejskaKorczew
0%
wiejskaKoszarawa
0%
wiejskaKowiesy
0%
wiejskaKozłów
0%
wiejskaKrasocin
0%
wiejskaKraszewice
0%
tarnogórskiwiejskaKrupski Młyn
0%
wiejskaKrzęcin
0%
żuromińskiwiejskaKuczbork-Osada
0%
miejsko-wiejskaKunów
0%
leżajskiwiejskaKuryłówka
0%
miejsko-wiejskaKuźnia Raciborska
0%
wiejskaŁanięta
0%
wiejskaŁaziska
0%
miejsko-wiejskaŁazy
0%
żywieckiwiejskaŁękawica
0%
wiejskaLelis
0%
wiejskaLeśna Podlaska
0%
wiejskaLipie
0%
wiejskaLipinki
0%
wiejskaLipka
0%
wiejskaLipowiec Kościelny
0%
wiejskaLisków
0%
wiejskaLubiszyn
0%
wiejskaLutocin
0%
wiejskaŁyse
0%
garwolińskiwiejskaMaciejowice
0%
sławieńskiwiejskaMalechowo
0%
miejsko-wiejskaMałomice
0%
wiejskaMiastków Kościelny
0%
nowotomyskiwiejskaMiedzichowo
0%
pszczyńskiwiejskaMiedźna
0%
wiejskaMiedźno
0%
wiejskaMirów
0%
miejsko-wiejskaModliborzyce
0%
miejsko-wiejskaMogielnica
0%
wiejskaMoskorzew
0%
częstochowskiwiejskaMykanów
0%
łowickiwiejskaNieborów
0%
wiejskaNowa Sucha
0%
wiejskaNowe Ostrowy
0%
wiejskaNowogródek Pomorski
0%
wiejskaNowy Kawęczyn
0%
wiejskaNur
0%
mazowieckieprzysuskiwiejskaOdrzywół
0%
miejsko-wiejskaOgrodzieniec
0%
łosickiwiejskaOlszanka
0%
wiejskaOlszówka
0%
wiejskaOporów
0%
słupeckiwiejskaOrchowo
0%
starogardzkiwiejskaOsieczna
0%
opatowskimiejsko-wiejskaOżarów
0%
wiejskaPacyna
0%
proszowickiwiejskaPałecznica
0%
wiejskaPątnów
0%
śląskieraciborskiwiejskaPietrowice Wielkie
0%
wiejskaPoliczna
0%
wiejskaPolska Cerekiew
0%
wiejskaPopów
0%
wiejskaPoświętne
0%
wiejskaPotok Górny
0%
janowskiwiejskaPotok Wielki
0%
miejsko-wiejskaPrabuty
0%
miejsko-wiejskaPrzedecz
0%
wiejskaPrzemęt
0%
lubuskieżarskiwiejskaPrzewóz
0%
zwoleńskiwiejskaPrzyłęk
0%
kłobuckiwiejskaPrzystajń
0%
wiejskaPrzytoczna
0%
wiejskaPszczew
0%
wiejskaPuszcza Mariańska
0%
wiejskaRacławice
0%
stalowowolskiwiejskaRadomyśl nad Sanem
0%
piotrkowskiwiejskaRęczno
0%
sokołowskiwiejskaRepki
0%
sierpeckiwiejskaRościszewo
0%
wiejskaRudziniec
0%
wiejskaRusinów
0%
wiejskaRybno
0%
lipskiwiejskaRzeczniów
0%
wiejskaRzekuń
0%
wiejskaSadkowice
0%
kwidzyńskiwiejskaSadlinki
0%
wiejskaSamborzec
0%
wiejskaSarnaki
0%
wiejskaSieciechów
0%
wolsztyńskiwiejskaSiedlec
0%
kazimierskimiejsko-wiejskaSkalbmierz
0%
wiejskaSkarbimierz
0%
wieluńskiwiejskaSkomlin
0%
wiejskaSłaboszów
0%
wiejskaŚlemień
0%
wiejskaSłupia Konecka
0%
wiejskaSmętowo Graniczne
0%
wiejskaSmyków
0%
miejsko-wiejskaSolec nad Wisłą
0%
wiejskaSolec-Zdrój
0%
wiejskaSośnie
0%
koneckimiejsko-wiejskaStąporków
0%
wiejskaStara Kornica
0%
malborskiwiejskaStare Pole
0%
sztumskiwiejskaStary Dzierzgoń
0%
wiejskaStary Lubotyń
0%
wiejskaSterdyń
0%
wiejskaStężyca
0%
wiejskaStryszawa
0%
wielkopolskieleszczyńskiwiejskaŚwięciechowa
0%
chodzieskimiejsko-wiejskaSzamocin
0%
wiejskaSzczawin Kościelny
0%
wiejskaSzczutowo
0%
wiejskaSztutowo
0%
wiejskaSzulborze Wielkie
0%
pilskiwiejskaSzydłowo
0%
wiejskaTarłów
0%
wiejskaTarnówka
0%
wiejskaTroszyn
0%
wiejskaTrzebieszów
0%
wiejskaTrzydnik Duży
0%
miejsko-wiejskaUjazd
0%
sieradzkimiejsko-wiejskaWarta
0%
mławskiwiejskaWieczfnia Kościelna
0%
wiejskaWielowieś
0%
radomskiwiejskaWierzbica
0%
wiejskaWijewo
0%
wiejskaWłoszakowice
0%
siedleckiwiejskaWodynie
0%
łukowskiwiejskaWola Mysłowska
0%
miejsko-wiejskaZaklików
0%
wiejskaZakrzewo
0%
wiejskaŻarnowiec
0%
miejsko-wiejskaZawichost
0%

Rozkład punktacji

Percentyl według liczby udzielonych odpowiedzi

Procent ludzi z każdym wynikiem

Twoja historia wyników

Nie rozwiązałeś tego quizu od ostatniego zresetowania